000 01035nam a22003617a 4500
005 20251107095712.0
008 210617b2015 xxu||||| |||| 00| 0 spa d
020 _a9786071722065
041 _aESP
082 _a616.31 G144m
100 _aGaitán Cepeda, Luis Alberto
245 _aMedicina y patología bucal: guía diagnostica de lesiones de la mucosa bucal
260 _aMéxico
260 _bTrillas
260 _c2015
300 _a207 páginas
490 _aMecánica Dental
505 _aContiene disco compacto N° 823
650 _aENFERMEDADES DE LA BOCA
650 _aMEDICINA BUCAL
650 _aPATOLOGÍA BUCAL
650 _aLESIONES DE LA MUCOSA BUCAL
650 _aINTERPRETACIÓN RADIOGRÁFICA
650 _aQUISTES
650 _aTUMORES
650 _aINFECCIONES ORALES
650 _aEXÁMEN CLÍNICO
650 _aEXÁMEN BUCAL
650 _aIMAGENELÓGICA
650 _aLESIONES DE LAS GLÁNDULAS SALIVALES
650 _aLESIONES DEL TEJIDO HEMATOPOYÉTICO
942 _cBK
_2ddc
999 _c13042
_d13042